The First 100 Words of A Series of Unfortunate Events - Statistics

General Stats
  • This quiz has been taken 194 times
  • The average score is 53 of 100
Answer Stats
Answer % Correct
the
91%
and
87%
you
81%
be
80%
in
76%
In
76%
is
74%
no
74%
this
72%
This
72%
If
71%
are
70%
book.
69%
book,
69%
children,
69%
not
69%
Violet,
67%
of
66%
to
66%
Sunny
64%
they
64%
were
64%
there
63%
happy
61%
Klaus,
60%
very
58%
ending,
57%
Baudelaire
56%
beginning
53%
that
51%
middle.
50%
only
50%
reading
49%
would
49%
was
47%
three
46%
off
45%
some
45%
but
42%
had
42%
them
42%
with
42%
other
41%
because
39%
few
37%
better
36%
lives
36%
many
36%
things
36%
endings,
34%
stories
33%
tell
32%
happened
29%
I'm
29%
intelligent
27%
interested
27%
sorry
23%
most
21%
everything
20%
unlucky,
19%
misfortune,
18%
features,
17%
youngsters.
17%
facial
16%
extremely
15%
pleasant
15%
despair.
14%
misery,
14%
resourceful,
14%
rife
14%
charming,
13%
No matching quizzes found
Score Distribution
Percent of People with Each Score
Percentile by Number Answered
Your Score History
You have not taken this quiz